00680cam a2200193 a 450000100100000000500170001000800410002702000150006804000290008308200170011210000190012924500960014826000390024430000330028350400530031665000210036965000470039060000490043700001405420200929163444.0760630s1976 maua b 001 0bengd  a0395247616 aDO-SdBNPbengcLCdBNPHU a323.4bL241r1 aLamson, Peggy.00aRoger Baldwin, founder of the American Civil Liberties Union :ba portrait /cPeggy Lamson. aBoston :bHoughton Mifflin,c1976. axii, 304 p. :bil. ;c24 cm. aIncluye referencias bibliográficas e índice. 4aDerechos ciciles 4aDerechos civileszEstados UnidosxHistoria10aBALDWIN, ROGER N.q(Roger Nash),d1884-1981.